000 00463pab a2200169 454500
008 180718b2009 xxu||||| |||| 00| 0 eng d
100 _aHorner, Mark W.
245 _aA spatial dissimilarity-based index of the jobs - housing balance: conceptual framework and empirical tests
260 _c2009
300 _ap.499-517.
362 _aMar
650 _aHousing
700 _aMarion, Bernadette M.
773 _aUrban Studies
908 _aN
909 _a81932
999 _c81932
_d81932